30 Most Urban Countries Quiz Stats

 Plays Quiz Updated Nov 9, 2016

Also try: Big and Populated
Challenge
Share
Tweet
Embed
Score 0/30 Timer 06:00
3 Plays Today
Rank Country % Correct
4.Vatican City
83.1%
12.Japan
81.9%
1.Monaco
79.2%
3.Singapore
73%
15.Luxembourg
71.3%
10.San Marino
68.1%
27.Andorra
65.7%
16.Netherlands
57.6%
29.United Arab Emirates
56.6%
7.Belgium
56.3%
22.Denmark
55.6%
13.Israel
54.7%
18.Australia
54%
26.Sweden
51%
5.Qatar
50.8%
Rank Country % Correct
8.Malta
49.5%
28.Brazil
48.6%
25.New Zealand
48.2%
30.Finland
46.3%
11.Iceland
45.2%
6.Kuwait
44.9%
20.Bahrain
44.5%
14.Argentina
41.7%
17.Chile
40.4%
21.Lebanon
33.9%
9.Uruguay
30.7%
19.Venezuela
26.1%
2.Nauru
25.4%
24.Palau
22%
23.Gabon
4.7%

You're not logged in!

Compare scores with friends on all Sporcle quizzes.
Join for Free
OR
Log In

You Might Also Like...

Show Comments

Extras

Top Quizzes Today


Score Distribution

Your Account Isn't Verified!

In order to create a playlist on Sporcle, you need to verify the email address you used during registration. Go to your Sporcle Settings to finish the process.

Report this User

Report this user for behavior that violates our Community Guidelines.

Details: